| 000 | 00671nam a2200229 a 4500 | ||
|---|---|---|---|
| 003 | sisc | ||
| 005 | 20160726135516.0 | ||
| 008 | 120911s19uu xx 00 eng d | ||
| 020 | _a9788126150519 | ||
| 050 |
_aG 550 _b.Si617va 2012 |
||
| 100 | _aSingh, Tanay. | ||
| 245 |
_aHandbook of cruise vacations / _cTanay Singh. |
||
| 250 | _a1st edition. | ||
| 260 |
_aNew Delhi, India : _bAnmol Publications, _c2012. |
||
| 300 |
_a256 pages ; _c23 cm. |
||
| 500 | _aIncludes bibliographical references and index. | ||
| 650 |
_aOcean travel _xHandbooks, manuals, etc. |
||
| 650 | _aCruise ships. | ||
| 650 | _aCruise lines. | ||
| 942 |
_cBK _2lcc _kFOR |
||
| 999 |
_c22114 _d22114 |
||